Statistiques concernant Arrêts de la ligne C18 de Lyon (TCL)

Cliquez ici pour prendre le quiz!

Statistiques générales

  • Ce quiz a été pris 7 fois
  • Le résultat moyen est 7 sur 16

Statistiques - réponses

ArrondissementArrêt% Correct
Lyon 1erHôtel de Ville Louis Pradel
83%
Lyon 4eLes Esses
67%
Lyon 4eHénon - Deleuvre
50%
Lyon 1erLa Poudrière
50%
Lyon 1erMairie du 1er
50%
Lyon 4eBournes
33%
Lyon 4eClaude-Joseph Bonnet
33%
Lyon 4eClos Jouve
33%
Lyon 4eCroix-Rousse Nord
33%
Lyon 1erDuroc
33%
Lyon 4eHenri Gorjus
33%
Lyon 1erMusée des Beaux-Arts
33%
Lyon 4ePlace Flammarion
33%
Lyon 1erRouville
33%
Lyon 1erTerreaux - Tobie Robatel
33%
Lyon 4eSavaron - Deleuvre
17%

Distribution des résultats

Percentile par nombre de réponses

% des personnes avec chaque résultat

Votre développement - résultats

Vous n’avez pas pris ce quiz